Viac ako chleba

Bibliographic Details
Main Author: Blichová, Tatiana (Author)
Format: Article
Language:Slovak

MARC

LEADER 00000nab a2200000uu 4500
001 vtls011527557
003 SK-MaSNL
005 20260303112644.0
008 230121|2004 xo |||||||||||||||||slo|
015 |a SNBRB 
035 |a (urnnbn)urn:nbn:sk:snk:ar-a08v76 
035 |a (uuid)9d9415c1-0919-476d-b79f-eea08c3ef6a3 
035 |a urn:nbn:sk:snk-abeee4 
040 |a SNKBUCL  |b slo  |c SNKBUCL  |e AACR2 
041 0 |a slo 
044 |a xo  |c SK 
100 1 |a Blichová, Tatiana  |4 aut  |9 416782 
245 1 0 |a Viac ako chleba  |c Tatiana Blichová 
773 0 |t Cirkevné listy : časopis venovaný záujmom cirkve evanjelickej a. v.  |g Roč. 128, č. 9 (2004), s. 7-[10] 
954 |a odborná, vedecká literatúra pôvodná (slovenská)  |2 lita 
958 |a OND 
958 |a EUIPO 
958 |a article21 
999 |c 1886310  |d 1888240